生活是甜蜜
| 資料類型: | 圖書 | 書目號: | 52983 |
Leader xxxxxxxxxx 001 __ 102584/8/01 005 __ 20190417142310.970 010 0_ |a978-986-5824-45-7|b平裝|d新臺幣330元 042 __ |anbic 100 __ |a20190417d2018 m y0chiy50 e 101 0_ |achi 102 __ |atw 105 __ |ay z 000ay 200 1_ |a生活是甜蜜|f李維菁著 205 __ |a初版 210 __ |a臺北市|c新經典圖文傳播出版|c高寶書版總經銷|d2018[民107] 215 0_ |a283面|d21公分 225 12 |a文學森林|vLH0060 606 __ |2csh|a長篇小說 700 _1 |a李|b維菁|4著 681 __ |a857.7|b8465 801 _0 |atw|bLibDipper|c20190417|gCCR |